000 00621nam a22002537a 4500
003 UA-OsUOA
001 20272
007 ta
008 20031020b un ||||| |||| 00| 0 ukr d
100 _aДергачев Валентин
090 _a904
_bД33
942 _cBK
040 _aUA-OsUOA
_brus
_cUA-OsUOA
_dUA-OsUOA
245 _aКэрбунский клад
300 _a120 с.
_bІлюстрації
955 _a0
041 _arus
080 _a904
020 _a9975-62-034-5
260 _aКишинев
_bTipografia Akademiei de Stiinte
_c1998
044 _aMD
650 7 _2UDC
999 _c306447
_d306447